000 00819naa a22002537a 4500
001 BR9404146
003 BR-BrBNA
005 20250721155514.0
007 ta
008 250630b bl.|||m| |||| 00| 0 por d
040 _aBR-BrBNA
_bpor
_cBiblioteca Nacional de Agricultura
041 _a(Pt)
072 _aF06; F08
090 _aF06 BR9404146
100 1 _aSouza Filho, B.F. de
245 1 _aIrrigacao de culturas consorciadas
246 1 _bPROVARZEAS Nacional, 1 hectare vale por dez
500 _a Brasilia, DF (Brasil): 1987. p. 121-122 [6 ref.] (BR9404146-AMS)
650 _aIrrigacao
650 _aConsorciacao de Cultura
490 _aInformacao Tecnica - Programa Nacional para Aproveitamento de Varzeas Irrigaveis (Brazil)
_vno. 2
942 _cAMS
_2AGRIS
909 _a202506
_bLúcia
_c55
_dLúcia Elande
999 _c336890
_d336890